| 000 | 00604nam a22001697a 4500 | ||
|---|---|---|---|
| 999 |
_c15043 _d15043 |
||
| 003 | AR-CdUCM | ||
| 008 | 190425b ||||| |||| 00| 0 spa d | ||
| 040 |
_aMUNICIPALIDAD PROVINCIAL DEL CUSCO _cBIBLIOTECA MUNICIPAL DEL CUSCO |
||
| 082 |
_aC / 050.985 / _bSI572 |
||
| 245 |
_aLa sierra : _bórgano de la juventud renovadora andina / |
||
| 260 |
_aLima : _bLa condesa, _c1927. |
||
| 300 |
_a51 páginas ; _c24 cm. |
||
| 440 |
_aLa sierra _n02 _934052 |
||
| 505 | _aIdilio muerto -- El problema agrario -- El problema indígena -- Una idea que sera doctrina americana... | ||
| 942 |
_2ddc _cPP |
||
| 945 | _awfj | ||